<?xml version="1.0" encoding="UTF-8"?>
<collection xmlns="http://www.loc.gov/MARC21/slim">
 <record>
  <leader>00433nab a2200157 i 4500</leader>
  <controlfield tag="001">bibPRO00000439</controlfield>
  <controlfield tag="008">060524s1996    xx                  hun  </controlfield>
  <datafield tag="040" ind1=" " ind2=" ">
   <subfield code="a">Sz1</subfield>
  </datafield>
  <datafield tag="041" ind1=" " ind2=" ">
   <subfield code="a">hun</subfield>
  </datafield>
  <datafield tag="100" ind1="1" ind2=" ">
   <subfield code="a">POP Adrian</subfield>
  </datafield>
  <datafield tag="245" ind1="1" ind2="2">
   <subfield code="a">A temesvári és a bukaresti diákság tiltakozó megmozdulásai</subfield>
   <subfield code="c">POP Adrian</subfield>
  </datafield>
  <datafield tag="695" ind1=" " ind2=" ">
   <subfield code="a">politikatörténet</subfield>
  </datafield>
  <datafield tag="695" ind1=" " ind2=" ">
   <subfield code="a">Románia, 1956</subfield>
  </datafield>
  <datafield tag="695" ind1=" " ind2=" ">
   <subfield code="a">Temesvár</subfield>
  </datafield>
  <datafield tag="695" ind1=" " ind2=" ">
   <subfield code="a">Bukarest</subfield>
  </datafield>
  <datafield tag="773" ind1="0" ind2=" ">
   <subfield code="t">Korunk. -</subfield>
   <subfield code="g">10 sz., 1996, 46-47 p.</subfield>
  </datafield>
 </record>
</collection>
